[Event "XII Open Vallee d'Aoste A"]
[Site "Saint Vincent - Chatillon ITA"]
[Date "2004.02.09"]
[Round "3"]
[White "Flament, Alexandre"]
[Black "Brady, Stephen"]
[Result "0-1"]
[WhiteElo "2070"]
[BlackElo "2362"]
[PlyCount "124"]
[EventDate "2004.02.08"]

1. d4 Nf6 2. e3 e6 3. Bd3 c5 4. c3 b6 5. Qe2 Bb7 6. f4 Ne4 7. Nf3 f5 8. O-O Be7
9. b3 O-O 10. Bb2 d6 11. a3 Nd7 12. Bc4 Bd5 13. Bxd5 exd5 14. Qd3 Ndf6 15. Nbd2
Qd7 16. Rac1 Rac8 17. Rfd1 Nxd2 18. Nxd2 c4 19. Qe2 b5 20. Rb1 Rfe8 21. Qf3 Bd8
22. b4 a5 23. Ra1 Ra8 24. h3 Re7 25. Nf1 Qe6 26. Bc1 axb4 27. cxb4 Bb6 28. Kh2
Qe4 29. Ng3 Qe6 30. Nf1 Rc7 31. Qe2 Qd7 32. Qc2 c3 33. Ng3 g6 34. Rd3 Rac8 35.
Qb3 Rc4 36. Ra2 c2 37. Nf1 Ne4 38. Ng3 Qc6 39. Ne2 Kg7 40. Kg1 Kf6 41. Qb2 Ke6
42. Qb3 Bd8 43. g3 Be7 44. Kg2 Qb7 45. Qb2 R8c7 46. Qb3 Qc8 47. Ra1 Bf6 48. Qb2
Nc3 49. Nxc3 Rxc3 50. Rxc3 Rxc3 51. Bd2 Rd3 52. Qc1 Qc4 53. Kf2 Kd7 54. Ke1
Bxd4 55. exd4 Qxd4 56. Ra2 Qe4+ 57. Kf1 Qf3+ 58. Ke1 Qxg3+ 59. Ke2 Qf3+ 60. Ke1
Qe4+ 61. Kf1 Rf3+ 62. Kg1 Rg3+ 0-1

[Event "XII Open Vallee d'Aoste A"]
[Site "Saint Vincent - Chatillon ITA"]
[Date "2004.02.09"]
[Round "3"]
[White "Gershon, Alik"]
[Black "Cavatorta, Fosco"]
[Result "1-0"]
[WhiteElo "2546"]
[BlackElo "2088"]
[PlyCount "120"]
[EventDate "2004.02.08"]

1. d4 d6 2. Nf3 Bg4 3. c4 Nd7 4. e4 e5 5. Be2 Bxf3 6. Bxf3 exd4 7. Qxd4 Ne7 8.
Be3 Nc6 9. Qd2 Be7 10. Nc3 Bf6 11. Nd5 O-O 12. Be2 Re8 13. f3 Nf8 14. O-O Ne6
15. Nxf6+ Qxf6 16. Rad1 a5 17. Rfe1 Rad8 18. b3 h6 19. a3 Nc5 20. b4 Nb3 21.
Qd3 a4 22. b5 Ne5 23. Qc2 b6 24. f4 Nd7 25. Bf3 Ndc5 26. Rd5 Re6 27. e5 dxe5
28. Bxc5 Nxc5 29. fxe5 Qg5 30. Rxd8+ Qxd8 31. Bd5 Re8 32. Rf1 Rf8 33. Qf5 Qe7
34. h4 Qxh4 35. Bxf7+ Kh8 36. Rf4 Qe7 37. Rf3 Ne4 38. Qxe4 Rxf7 39. Rxf7 Qxf7
40. e6 Qe7 41. Qd5 Kg8 42. Qa8+ Kh7 43. Qe4+ Kg8 44. Kf1 Qf6+ 45. Ke2 Kf8 46.
Qd5 Qe7 47. c5 bxc5 48. Kd3 h5 49. Kc4 g5 50. Qe5 Kg8 51. Kd5 h4 52. Kc6 g4 53.
Kb7 h3 54. gxh3 gxh3 55. Qg3+ Kf8 56. Qxh3 Qd6 57. Qf5+ Ke7 58. Qf7+ Kd8 59.
Qf6+ Ke8 60. Kc8 Qa6+ 1-0

[Event "XII Open Vallee d'Aoste A"]
[Site "Saint Vincent - Chatillon ITA"]
[Date "2004.02.09"]
[Round "3"]
[White "Giffard, Nicolas"]
[Black "Astengo, Marcello"]
[Result "1-0"]
[WhiteElo "2345"]
[BlackElo "2072"]
[PlyCount "78"]
[EventDate "2004.02.08"]

1. Nf3 d5 2. b3 Bf5 3. Bb2 e6 4. g3 h6 5. Bg2 Nf6 6. O-O Be7 7. d3 O-O 8. Nbd2
Nbd7 9. e3 c6 10. Qe2 Qa5 11. a3 Rad8 12. Kh1 Qc7 13. Ne1 Rfe8 14. f4 Bc5 15.
h3 Qb6 16. e4 Bg6 17. e5 Nh7 18. Nef3 Be7 19. Nh4 Nhf8 20. Nxg6 Nxg6 21. Qh5
Qe3 22. Nf3 Qe2 23. Rac1 Nc5 24. Bd4 Ne4 25. dxe4 dxe4 26. Rfe1 Qb5 27. Rxe4
Bxa3 28. Rf1 Bf8 29. f5 exf5 30. Qxf5 Ne7 31. Qf4 Nd5 32. Qc1 Nb4 33. Bg1 Rd7
34. Nd4 Qa5 35. e6 fxe6 36. Rxe6 Red8 37. c3 Nd5 38. b4 Qc7 39. Qe1 Bd6 1-0

[Event "XII Open Vallee d'Aoste A"]
[Site "Saint Vincent - Chatillon ITA"]
[Date "2004.02.09"]
[Round "3"]
[White "Iordachescu, Viorel"]
[Black "Joksic, Sinisa"]
[Result "1-0"]
[WhiteElo "2634"]
[BlackElo "2335"]
[PlyCount "99"]
[EventDate "2004.02.08"]

1. e4 c5 2. Nf3 a6 3. c4 e6 4. Nc3 Qc7 5. d4 cxd4 6. Nxd4 Nf6 7. a3 b6 8. Be3
Bb7 9. f3 d6 10. Be2 Nbd7 11. O-O Be7 12. Rc1 O-O 13. b4 Rfe8 14. Qd2 Rac8 15.
Rfd1 Bf8 16. Bf1 Qb8 17. Kh1 h6 18. Nb3 Ba8 19. Rb1 Ne5 20. c5 dxc5 21. bxc5
Red8 22. Qe2 Rxd1 23. Qxd1 b5 24. a4 Nc4 25. Bf2 Rd8 26. Qc1 Bc6 27. axb5 axb5
28. Nd4 Qa8 29. Ncxb5 Ne5 30. Ra1 Qb8 31. Nxc6 Nxc6 32. h3 Qe5 33. Ra6 Nb4 34.
Ra4 Nc6 35. Qa1 Qg5 36. h4 Qh5 37. Qc1 g5 38. Nd4 Rc8 39. Nxc6 Rxc6 40. g4 Nxg4
41. fxg4 Qxg4 42. Rc4 e5 43. Qe3 gxh4 44. Be2 Qc8 45. Rc1 Be7 46. Bg4 Qb7 47.
Bf5 Qb2 48. Rg1+ Kf8 49. Bd7 Bxc5 50. Qxc5+ 1-0

[Event "XII Open Vallee d'Aoste A"]
[Site "Saint Vincent - Chatillon ITA"]
[Date "2004.02.09"]
[Round "3"]
[White "Klinova, Masha"]
[Black "Godena, Michele"]
[Result "1/2-1/2"]
[WhiteElo "2366"]
[BlackElo "2515"]
[PlyCount "54"]
[EventDate "2004.02.08"]

1. e4 e5 2. Bc4 Nf6 3. d3 Nc6 4. Nf3 h6 5. Nbd2 g6 6. c3 Bg7 7. O-O O-O 8. Bb3
d6 9. Re1 Re8 10. Nf1 Be6 11. Ng3 d5 12. Ba4 Bd7 13. h3 a6 14. Be3 b5 15. Bc2
Be6 16. d4 exd4 17. Nxd4 Nxd4 18. Bxd4 Nxe4 19. Bxg7 Kxg7 20. Nxe4 dxe4 21.
Bxe4 Qxd1 22. Raxd1 Rad8 23. Bc6 Rf8 24. b3 Rxd1 25. Rxd1 Rb8 26. Kf1 Rb6 27.
Bd7 Kf6 1/2-1/2

[Event "XII Open Vallee d'Aoste A"]
[Site "Saint Vincent - Chatillon ITA"]
[Date "2004.02.09"]
[Round "3"]
[White "Letreguilly, Olivier"]
[Black "Borgo, Giulio"]
[Result "0-1"]
[WhiteElo "2258"]
[BlackElo "2409"]
[PlyCount "170"]
[EventDate "2004.02.08"]

1. d4 d5 2. c4 e6 3. Nc3 c6 4. e3 Nf6 5. Qc2 Nbd7 6. b3 Bd6 7. Nf3 O-O 8. Be2
dxc4 9. bxc4 e5 10. O-O Re8 11. h3 exd4 12. exd4 Nf8 13. Bg5 h6 14. Be3 Qa5 15.
c5 Bb8 16. Bd3 Qd8 17. Ne4 Nd5 18. Bd2 Ne6 19. Ng3 Ndf4 20. Bxf4 Nxf4 21. Bh7+
Kh8 22. Bf5 Ne6 23. Rad1 Qf6 24. Nh5 Qe7 25. Rfe1 Bc7 26. Qd2 Rd8 27. Bxe6 Bxe6
28. Nf4 Bxf4 29. Qxf4 Kg8 30. Ne5 Qc7 31. a3 b6 32. Nd3 Qd7 33. Ne5 Qd5 34. Qe3
Rac8 35. Qc3 Rc7 36. Qb4 Rb8 37. Rc1 Rcc8 38. Red1 Qd8 39. cxb6 Rxb6 40. Qc5
Bd5 41. Qa5 Rc7 42. Qd2 Rcb7 43. Nc4 Ra6 44. Qd3 Ra4 45. Rc3 Rb3 46. Ne3 Be4
47. Qd2 Raxa3 48. Rxb3 Rxb3 49. Qa2 Qb8 50. Qa5 Rb5 51. Qa6 Qb7 52. Qxb7 Rxb7
53. f3 Bb1 54. Rc1 Rb4 55. Rxc6 Rxd4 56. Rc8+ Kh7 57. Rc7 a5 58. Rxf7 a4 59.
Ra7 Rd3 60. Nc4 Bc2 61. Kf2 Bb3 62. Na3 Rd2+ 63. Kg3 Kg6 64. h4 Kf6 65. Nb5 Rd3
66. Kf4 Bc4 67. Ra6+ Ke7 68. Ra7+ Rd7 69. Ra5 Bxb5 70. Rxb5 Ra7 71. Kf5 a3 72.
Rb1 a2 73. Ra1 Kf7 74. g4 Ra5+ 75. Ke4 Ke6 76. Kd4 Ra4+ 77. Kc5 Ke5 78. Kb5 Ra8
79. g5 h5 80. Kb4 Kf4 81. Kb3 g6 82. Kb2 Kxf3 83. Rf1+ Kg2 84. Ra1 Ra7 85. Kb3
Kg3 0-1

[Event "XII Open Vallee d'Aoste A"]
[Site "Saint Vincent - Chatillon ITA"]
[Date "2004.02.09"]
[Round "3"]
[White "Manca, Federico"]
[Black "Cebalo, Miso"]
[Result "0-1"]
[WhiteElo "2363"]
[BlackElo "2475"]
[PlyCount "88"]
[EventDate "2004.02.08"]

1. e4 c5 2. Nf3 d6 3. d4 cxd4 4. Nxd4 Nf6 5. Nc3 g6 6. Be3 Bg7 7. f3 O-O 8. Qd2
Nc6 9. Bc4 Bd7 10. h4 Qa5 11. O-O-O Rfc8 12. Bb3 Ne5 13. h5 Rxc3 14. Qxc3 Qxc3
15. bxc3 Nxh5 16. g4 Nf6 17. Bh6 Rc8 18. Bxg7 Kxg7 19. g5 Nh5 20. Kb2 Rc5 21.
Rh2 b5 22. Rdh1 Nc4+ 23. Bxc4 bxc4 24. Rg1 Nf4 25. Rgh1 Rxg5 26. Rxh7+ Kf6 27.
R1h2 Rg3 28. Rh8 e5 29. Ne2 Rxf3 30. Ra8 Bc6 31. Rxa7 Bxe4 32. a4 Re3 33. Nxf4
exf4 34. Rh7 Bd5 35. Rd7 f3 36. Rxd6+ Ke5 37. Rxd5+ Kxd5 38. Rxf7 g5 39. a5 g4
40. a6 Re6 41. a7 Ra6 42. Kc1 Ke4 43. Kd2 g3 44. Rg7 g2 0-1

[Event "XII Open Vallee d'Aoste A"]
[Site "Saint Vincent - Chatillon ITA"]
[Date "2004.02.09"]
[Round "3"]
[White "Mantovani, Renzo"]
[Black "Golod, Vitali"]
[Result "0-1"]
[WhiteElo "2375"]
[BlackElo "2544"]
[PlyCount "68"]
[EventDate "2004.02.08"]

1. Nf3 Nf6 2. d4 e6 3. c4 d5 4. Nc3 c5 5. cxd5 Nxd5 6. e4 Nxc3 7. bxc3 cxd4 8.
cxd4 Bb4+ 9. Bd2 Bxd2+ 10. Qxd2 O-O 11. Bc4 Nc6 12. O-O b6 13. Rac1 Bb7 14. d5
exd5 15. Bxd5 Rc8 16. Rfd1 h6 17. Qf4 Qe7 18. g3 Nb4 19. Rxc8 Bxc8 20. Nd4 Nxd5
21. exd5 Re8 22. h4 Bb7 23. Nf5 Qe2 24. Qd4 Re5 25. Ne3 f6 26. Qd2 Qf3 27. Qd4
Kh8 28. Qd2 Ba6 29. Kh2 Bb5 30. d6 Re8 31. d7 Rd8 32. Qd5 Qxf2+ 33. Ng2 Rxd7
34. Qa8+ Kh7 0-1

[Event "XII Open Vallee d'Aoste A"]
[Site "Saint Vincent - Chatillon ITA"]
[Date "2004.02.09"]
[Round "3"]
[White "Naumkin, Igor"]
[Black "Delchev, Aleksander"]
[Result "1/2-1/2"]
[WhiteElo "2416"]
[BlackElo "2624"]
[PlyCount "74"]
[EventDate "2004.02.08"]

1. d4 Nf6 2. Nf3 e6 3. c4 b6 4. g3 Bb4+ 5. Bd2 Be7 6. Bg2 c6 7. Bc3 d5 8. Nbd2
Nbd7 9. O-O O-O 10. Qc2 Ba6 11. b3 Rc8 12. e4 b5 13. e5 Ne8 14. c5 b4 15. Bxb4
Bxf1 16. Rxf1 a5 17. Bc3 Ra8 18. Re1 Nc7 19. h4 f6 20. exf6 gxf6 21. Nf1 Re8
22. Qd2 a4 23. b4 Bf8 24. a3 Bg7 25. Qc2 Nb5 26. Bb2 f5 27. Ne5 Nxe5 28. dxe5
f4 29. Nd2 Rf8 30. Nf3 fxg3 31. fxg3 Qe7 32. Qd3 Bh6 33. Nh2 Qg7 34. Bh3 Rae8
35. Ng4 d4 36. Kg2 Kh8 37. Re4 Nc3 1/2-1/2

[Event "XII Open Vallee d'Aoste A"]
[Site "Saint Vincent - Chatillon ITA"]
[Date "2004.02.09"]
[Round "3"]
[White "Prie, Eric"]
[Black "Gurevich, Mikhail N."]
[Result "0-1"]
[WhiteElo "2429"]
[BlackElo "2656"]
[PlyCount "116"]
[EventDate "2004.02.08"]

1. d4 d5 2. Bg5 c6 3. a3 h6 4. Bh4 Qb6 5. Ra2 Bf5 6. e3 e6 7. c4 Be7 8. Bxe7
Nxe7 9. Nc3 Nd7 10. Nf3 O-O 11. c5 Qc7 12. b4 a5 13. Be2 axb4 14. axb4 Rxa2 15.
Nxa2 Ra8 16. Nc1 b6 17. O-O bxc5 18. bxc5 e5 19. Nd2 exd4 20. exd4 Nf8 21. Bd3
Ne6 22. Bxf5 Nxf5 23. Nf3 Ra3 24. Ne2 Rxf3 25. gxf3 Nh4 26. Qb3 Ng5 27. f4
Ngf3+ 28. Kh1 Qc8 29. f5 Nd2 30. Qh3 Nxf1 31. Qxh4 Qxf5 32. Qf4 Qd3 33. Ng3 Nd2
34. Kg2 Ne4 35. Nxe4 dxe4 36. Qf5 g6 37. Qd7 Qf3+ 38. Kg1 Qd1+ 39. Kg2 Qf3+ 40.
Kg1 Kg7 41. d5 e3 42. fxe3 Qxe3+ 43. Kg2 Qe4+ 44. Kg1 Qb1+ 45. Kg2 Qc2+ 46. Kg3
h5 47. h4 Qc3+ 48. Kg2 Qd2+ 49. Kg1 Qe1+ 50. Kg2 Qe4+ 51. Kg3 g5 52. hxg5 h4+
53. Kh3 Qh1+ 54. Kg4 h3 55. g6 Qg2+ 56. Kh4 Kxg6 57. Qd6+ Kh7 58. Qd7 h2 0-1

[Event "XII Open Vallee d'Aoste A"]
[Site "Saint Vincent - Chatillon ITA"]
[Date "2004.02.09"]
[Round "3"]
[White "Ranieri, Fabrizio"]
[Black "Ortega, Lexy"]
[Result "1-0"]
[WhiteElo "2192"]
[BlackElo "2454"]
[PlyCount "79"]
[EventDate "2004.02.08"]

1. e4 c5 2. Nf3 e6 3. d4 cxd4 4. Nxd4 a6 5. Nc3 b5 6. Be2 Bb7 7. Bf3 Qc7 8. O-O
d6 9. Bg5 Nd7 10. a4 b4 11. Na2 Ne5 12. c3 h6 13. Bh4 g5 14. Bg3 Nf6 15. cxb4
h5 16. Rc1 Qd7 17. Nc3 h4 18. Bxe5 dxe5 19. Nc2 Qxd1 20. Rfxd1 g4 21. Be2 Rc8
22. b5 a5 23. Ne3 g3 24. Nc4 Rxc4 25. Bxc4 Ng4 26. b6 Bc5 27. Bb5+ Kf8 28. Rd7
Bxf2+ 29. Kh1 Bxb6 30. Rf1 Nf2+ 31. Rxf2 Bxf2 32. Rxb7 Kg7 33. Rd7 Bd4 34. Bc4
Kg6 35. Ne2 Bf2 36. Ng1 Rc8 37. b3 f5 38. exf5+ exf5 39. Rd6+ Kg5 40. Nh3+ 1-0

[Event "XII Open Vallee d'Aoste A"]
[Site "Saint Vincent - Chatillon ITA"]
[Date "2004.02.09"]
[Round "3"]
[White "Roiz, Michael"]
[Black "Welling, Gerard"]
[Result "1-0"]
[WhiteElo "2544"]
[BlackElo "2373"]
[PlyCount "51"]
[EventDate "2004.02.08"]

1. d4 d5 2. c4 c6 3. Nf3 Nf6 4. e3 g6 5. Nc3 Bg7 6. Be2 O-O 7. O-O a6 8. Bd2 b5
9. cxd5 cxd5 10. Ne5 Bb7 11. Nd3 Nbd7 12. a4 bxa4 13. Nxa4 Bc6 14. Nb4 Bb5 15.
Nc3 Bxe2 16. Qxe2 e6 17. Rxa6 Rxa6 18. Nxa6 Qb6 19. b4 Ra8 20. b5 Ne8 21. Na4
Qa7 22. Rc1 Bf8 23. Ba5 Bd6 24. g3 Kg7 25. Rc6 h5 26. N4c5 1-0

[Event "XII Open Vallee d'Aoste A"]
[Site "Saint Vincent - Chatillon ITA"]
[Date "2004.02.09"]
[Round "3"]
[White "Sarno, Spartaco"]
[Black "Falbo, Sandro"]
[Result "1-0"]
[WhiteElo "2395"]
[BlackElo "2206"]
[PlyCount "67"]
[EventDate "2004.02.08"]

1. c4 Nf6 2. Nf3 g6 3. g3 Bg7 4. Bg2 O-O 5. O-O d6 6. Nc3 Nc6 7. d3 Nh5 8. e4
e5 9. Bg5 Bf6 10. Be3 Be6 11. Nd5 Bg7 12. b4 Nd4 13. Nxd4 exd4 14. Bd2 c6 15.
Nf4 Nxf4 16. Bxf4 Qd7 17. Qd2 c5 18. Rfb1 Rac8 19. a4 b6 20. a5 Be5 21. h4 Rb8
22. Bh6 Rfc8 23. b5 Bg7 24. Ra3 Rc7 25. Rba1 Qe7 26. axb6 axb6 27. Qf4 Be5 28.
Qc1 Bg7 29. Bg5 Bf6 30. Qf4 Be5 31. Bxe7 Bxf4 32. Ra7 Rbb7 33. Rxb7 Rxb7 34.
Ra8+ 1-0

[Event "XII Open Vallee d'Aoste A"]
[Site "Saint Vincent - Chatillon ITA"]
[Date "2004.02.09"]
[Round "3"]
[White "Soylu, Suat"]
[Black "Nevednichy, Vladislav"]
[Result "1/2-1/2"]
[WhiteElo "2384"]
[BlackElo "2548"]
[PlyCount "88"]
[EventDate "2004.02.08"]

1. e4 c5 2. Nf3 Nc6 3. Bb5 Qb6 4. Nc3 e6 5. O-O Nge7 6. a4 a6 7. Bc4 Qc7 8. d3
Ng6 9. Ng5 f6 10. Nh3 Nge5 11. Ba2 h5 12. f4 Ng4 13. Nf2 Nxf2 14. Rxf2 b6 15.
Kh1 Bb7 16. f5 Nd4 17. Ne2 Nxe2 18. Qxe2 Bd6 19. Qf3 exf5 20. Qxf5 O-O-O 21.
Bf4 Bxf4 22. Qxf4 Qxf4 23. Rxf4 d5 24. Bxd5 Bxd5 25. exd5 Rxd5 26. Re1 Rhd8 27.
b3 Kc7 28. Kg1 Kd6 29. Rfe4 Re5 30. Rxe5 fxe5 31. Kf2 Rf8+ 32. Ke3 h4 33. Re2
Rf1 34. Rf2 Rg1 35. Kf3 Kd5 36. Kg4 b5 37. axb5 axb5 38. Kxh4 c4 39. bxc4+ bxc4
40. dxc4+ Kxc4 41. Re2 Kd4 42. c3+ Kxc3 43. Rxe5 Rxg2 44. h3 Kd4 1/2-1/2

[Event "XII Open Vallee d'Aoste A"]
[Site "Saint Vincent - Chatillon ITA"]
[Date "2004.02.09"]
[Round "3"]
[White "Sulava, Nenad"]
[Black "Olarasu, Gabriela"]
[Result "1/2-1/2"]
[WhiteElo "2477"]
[BlackElo "2311"]
[PlyCount "74"]
[EventDate "2004.02.08"]

1. d4 d5 2. c4 c6 3. Nf3 Nf6 4. cxd5 cxd5 5. Nc3 Nc6 6. Bf4 a6 7. Rc1 e6 8. e3
Bd6 9. Bg3 O-O 10. Bd3 h6 11. Bb1 Be7 12. Ne5 Nxe5 13. dxe5 Nd7 14. O-O b5 15.
e4 b4 16. Ne2 dxe4 17. Bxe4 Ra7 18. Bb1 Re8 19. Nd4 Nb8 20. Qc2 g6 21. Rfd1 Qb6
22. f4 Rd7 23. Bf2 Red8 24. f5 exf5 25. e6 fxe6 26. Nxf5 Rxd1+ 27. Rxd1 Rxd1+
28. Qxd1 Bc5 29. Ne7+ Kg7 30. Nxc8 Bxf2+ 31. Kf1 Qe3 32. g3 Bg1 33. Qc2 Kf8 34.
Kg2 Qc5 35. Qd2 Kg7 36. Nd6 Be3 37. Ne4 Bxd2 1/2-1/2

[Event "XII Open Vallee d'Aoste A"]
[Site "Saint Vincent - Chatillon ITA"]
[Date "2004.02.09"]
[Round "3"]
[White "Tolhuizen, Ludo"]
[Black "Drabke, Lorenz Maximilian"]
[Result "0-1"]
[WhiteElo "2259"]
[BlackElo "2439"]
[PlyCount "60"]
[EventDate "2004.02.08"]

1. d4 d5 2. Nf3 Nf6 3. e3 c6 4. Bd3 Bg4 5. Nbd2 Nbd7 6. c4 e6 7. O-O Bd6 8. b3
Qe7 9. Bb2 e5 10. dxe5 Bxe5 11. Qc2 Bxb2 12. Qxb2 dxc4 13. Bxc4 O-O 14. h3 Bh5
15. Rfe1 Ne4 16. Nxe4 Qxe4 17. Be2 Qe7 18. Rad1 Rfd8 19. Rd2 Nf6 20. Red1 h6
21. Rxd8+ Rxd8 22. Rxd8+ Qxd8 23. g4 Bg6 24. Ne5 Be4 25. Bc4 Qd1+ 26. Bf1 Nd7
27. Nxd7 Qf3 28. Kh2 Qh1+ 29. Kg3 Qxf1 30. Kf4 Qxh3 0-1

[Event "XII Open Vallee d'Aoste A"]
[Site "Saint Vincent - Chatillon ITA"]
[Date "2004.02.09"]
[Round "3"]
[White "Zhukova, Natalia"]
[Black "Karl, Hans"]
[Result "1-0"]
[WhiteElo "2462"]
[BlackElo "2299"]
[PlyCount "69"]
[EventDate "2004.02.08"]

1. d4 Nf6 2. c4 g6 3. Nc3 Bg7 4. e4 d6 5. f3 O-O 6. Bg5 c5 7. d5 e6 8. Qd2 exd5
9. cxd5 Na6 10. Bc4 Bd7 11. Nge2 Nc7 12. a4 a6 13. a5 Bb5 14. b3 Qd7 15. O-O
Kh8 16. Bh6 Bxh6 17. Qxh6 Ng8 18. Qd2 Rae8 19. Nf4 Qe7 20. Nd3 f6 21. Rad1 Qg7
22. f4 Qh6 23. Qf2 Qg7 24. Qd2 Qh6 25. Qb2 Qg7 26. e5 fxe5 27. fxe5 Rxf1+ 28.
Rxf1 dxe5 29. Ne4 Nh6 30. Nd6 Re7 31. Nxc5 Ne8 32. Nxe8 Rxe8 33. Ne6 Qd7 34.
Qxe5+ Kg8 35. Qg5 1-0

[Event "XII Open Vallee d'Aoste A"]
[Site "Saint Vincent - Chatillon ITA"]
[Date "2004.02.10"]
[Round "4"]
[White "Abeln, Michiel"]
[Black "Zelcic, Robert"]
[Result "0-1"]
[WhiteElo "2291"]
[BlackElo "2524"]
[PlyCount "98"]
[EventDate "2004.02.08"]

1. d4 Nf6 2. c4 e6 3. Nc3 Bb4 4. e3 b6 5. Nge2 Ba6 6. Ng3 O-O 7. e4 d6 8. Bd3
e5 9. d5 Nbd7 10. O-O Bxc3 11. bxc3 Nc5 12. Re1 c6 13. Bf1 cxd5 14. exd5 Bc8
15. Be3 Qc7 16. h3 Bd7 17. Qf3 Ne8 18. Nf5 Bxf5 19. Qxf5 Qc8 20. Qb1 f5 21. f3
Nf6 22. a4 Qc7 23. Re2 e4 24. Rf2 exf3 25. gxf3 Rae8 26. Bd4 Nh5 27. Rg2 h6 28.
Raa2 Rf7 29. a5 bxa5 30. Qb5 Re1 31. Rae2 Rxe2 32. Rxe2 a6 33. Qe8+ Kh7 34. Re3
a4 35. h4 a3 36. Re2 Ng3 37. Ra2 Re7 38. Qf8 Rf7 39. Qe8 Nxf1 40. Kxf1 Nb3 41.
Qa4 Nxd4 42. cxd4 Qb6 43. Qxa3 Qxd4 44. Qxd6 Qxc4+ 45. Re2 Rf6 46. Qd7 Qd3 47.
Kf2 Rg6 48. h5 Qd4+ 49. Re3 Rg5 0-1

[Event "XII Open Vallee d'Aoste A"]
[Site "Saint Vincent - Chatillon ITA"]
[Date "2004.02.10"]
[Round "4"]
[White "Bayram, Yakup"]
[Black "Gershon, Alik"]
[Result "0-1"]
[WhiteElo "2292"]
[BlackElo "2546"]
[PlyCount "62"]
[EventDate "2004.02.08"]

1. d4 Nf6 2. c4 e6 3. Nf3 b6 4. a3 Bb7 5. Nc3 d5 6. cxd5 Nxd5 7. Bd2 Nd7 8. Qc2
N5f6 9. e4 c5 10. d5 exd5 11. exd5 Bd6 12. O-O-O O-O 13. Nh4 a6 14. Nf5 Qb8 15.
Kb1 b5 16. Ne4 Be5 17. Ne7+ Kh8 18. Nc6 Bxc6 19. dxc6 Nxe4 20. Qxe4 Nf6 21. Qh4
Rd8 22. Be2 b4 23. g4 Rd4 24. f4 Ne4 25. Qe1 Nc3+ 26. Kc1 Nxd1 27. fxe5 Nxb2
28. Kxb2 Qxe5 29. Bd3 Re4+ 30. Kb1 Rxe1+ 31. Rxe1 Qd5 0-1

[Event "XII Open Vallee d'Aoste A"]
[Site "Saint Vincent - Chatillon ITA"]
[Date "2004.02.10"]
[Round "4"]
[White "Brady, Stephen"]
[Black "Astengo, Corrado"]
[Result "1-0"]
[WhiteElo "2362"]
[BlackElo "2135"]
[PlyCount "71"]
[EventDate "2004.02.08"]

1. e4 e6 2. d4 d5 3. Nd2 Nf6 4. e5 Nfd7 5. c3 c5 6. f4 cxd4 7. cxd4 Nc6 8. Ndf3
Bb4+ 9. Kf2 Qb6 10. h4 f6 11. Kg3 fxe5 12. fxe5 Nf8 13. Ne2 Bd7 14. a3 Be7 15.
b4 Rg8 16. Nc3 h6 17. Be3 g5 18. hxg5 hxg5 19. Qd2 g4 20. Nh4 Qd8 21. Bd3 Bg5
22. Raf1 Bxe3 23. Qxe3 Qb6 24. Rf4 O-O-O 25. Na4 Qc7 26. Rc1 a6 27. Nc5 Qb6 28.
a4 Kb8 29. b5 axb5 30. axb5 Ne7 31. Rf7 Nc8 32. Qh6 Qa5 33. Rxf8 Rgxf8 34.
Nxd7+ Rxd7 35. Qxf8 Rd8 36. Qc5 1-0

[Event "XII Open Vallee d'Aoste A"]
[Site "Saint Vincent - Chatillon ITA"]
[Date "2004.02.10"]
[Round "4"]
[White "Cebalo, Miso"]
[Black "Nisipeanu, Liviu-Dieter"]
[Result "0-1"]
[WhiteElo "2475"]
[BlackElo "2678"]
[PlyCount "94"]
[EventDate "2004.02.08"]

1. d4 Nf6 2. c4 e6 3. Nf3 Bb4+ 4. Bd2 c5 5. Bxb4 cxb4 6. g3 O-O 7. Bg2 d6 8.
O-O Re8 9. Qd3 a5 10. e4 Nfd7 11. Nbd2 Nc6 12. Rfe1 e5 13. Rad1 Qf6 14. dxe5
dxe5 15. Nf1 Nc5 16. Qe3 b6 17. Qg5 Qxg5 18. Nxg5 Nd4 19. Ne3 Nce6 20. Nxe6
Bxe6 21. f4 f6 22. Kf2 b5 23. Bf1 bxc4 24. Bxc4 Bxc4 25. Nxc4 Rac8 26. Rc1 b3
27. axb3 Nxb3 28. Rc3 a4 29. Ree3 Rc6 30. fxe5 fxe5 31. Ke1 Rec8 32. Nd2 Nxd2
33. Kxd2 Rxc3 34. Rxc3 Rb8 35. Rc2 Rb4 36. Ke3 h5 37. h4 Rb3+ 38. Kf2 Kf7 39.
Rc7+ Kf6 40. Rc6+ Ke7 41. Rc7+ Kd6 42. Rxg7 Rxb2+ 43. Ke3 Rb3+ 44. Kd2 a3 45.
g4 a2 46. Ra7 Rh3 47. gxh5 Rh1 0-1

[Event "XII Open Vallee d'Aoste A"]
[Site "Saint Vincent - Chatillon ITA"]
[Date "2004.02.10"]
[Round "4"]
[White "Contin, Daniel"]
[Black "Sulava, Nenad"]
[Result "0-1"]
[WhiteElo "2394"]
[BlackElo "2477"]
[PlyCount "72"]
[EventDate "2004.02.08"]

1. c4 c5 2. Nf3 g6 3. d4 Bg7 4. g3 cxd4 5. Nxd4 Nc6 6. Nc2 d6 7. Bg2 Be6 8. Ne3
Qd7 9. Qd2 Rc8 10. Nc3 Ne5 11. b3 b5 12. Bb2 bxc4 13. f4 Ng4 14. Nxg4 Bxg4 15.
Nd5 Nf6 16. h3 Be6 17. bxc4 Rxc4 18. Nxf6+ Bxf6 19. Bxf6 exf6 20. O-O Bxh3 21.
Bxh3 Qxh3 22. Qe3+ Kf8 23. Rfc1 Rxc1+ 24. Rxc1 Kg7 25. Kf2 h5 26. Rc7 h4 27.
gxh4 Qxh4+ 28. Qg3 Qh1 29. Qg1 Rh2+ 30. Kf1 Qxg1+ 31. Kxg1 Rxe2 32. Rxa7 f5 33.
Ra4 Kf6 34. Rd4 Rxa2 35. Rxd6+ Kg7 36. Rd4 Re2 0-1

[Event "XII Open Vallee d'Aoste A"]
[Site "Saint Vincent - Chatillon ITA"]
[Date "2004.02.10"]
[Round "4"]
[White "D'Amore, Carlo"]
[Black "Iordachescu, Viorel"]
[Result "1/2-1/2"]
[WhiteElo "2441"]
[BlackElo "2634"]
[PlyCount "101"]
[EventDate "2004.02.08"]

1. Nf3 Nc6 2. d4 d5 3. Bf4 Bf5 4. c3 e6 5. e3 Bd6 6. Bd3 Nge7 7. Bxf5 Nxf5 8.
Nbd2 O-O 9. O-O Rc8 10. Bg3 Nce7 11. e4 Nxg3 12. hxg3 c5 13. exd5 Nxd5 14. dxc5
Bxc5 15. Ne4 Bb6 16. Qe2 Qc7 17. Rfd1 h6 18. Kf1 a5 19. Rd3 Ba7 20. a4 Rfe8 21.
Rad1 f5 22. Ned2 Nf6 23. Ne5 Bxf2 24. Ndc4 Ba7 25. Nd6 Qc5 26. Ke1 Ne4 27. Nxc8
Rxc8 28. Nf3 Kh7 29. Nd4 Bb8 30. Nxe6 Bxg3+ 31. Rxg3 Qg1+ 32. Qf1 Qxf1+ 33.
Kxf1 Nxg3+ 34. Kf2 Ne4+ 35. Kf3 Re8 36. Nc7 Re7 37. Nd5 Ng5+ 38. Kf2 Re5 39.
Ne3 f4 40. Nc4 Rc5 41. Rd4 Rf5 42. Nd6 Rf6 43. Nc4 Rf5 44. Nd6 Rf6 45. Nc4 b6
46. Kf1 f3 47. Rd6 Rf4 48. Rd4 Rf6 49. Rd6 Rf4 50. Rd4 Rf6 51. Rd6 1/2-1/2

[Event "XII Open Vallee d'Aoste A"]
[Site "Saint Vincent - Chatillon ITA"]
[Date "2004.02.10"]
[Round "4"]
[White "Delchev, Aleksander"]
[Black "Sarno, Spartaco"]
[Result "1/2-1/2"]
[WhiteElo "2624"]
[BlackElo "2395"]
[PlyCount "59"]
[EventDate "2004.02.08"]

1. e4 d6 2. d4 Nf6 3. Nc3 g6 4. Nf3 Bg7 5. Be2 O-O 6. O-O c6 7. Re1 Nbd7 8. e5
Ne8 9. Bf4 dxe5 10. dxe5 Nc7 11. Qc1 Ne6 12. Bh6 Qc7 13. Bxg7 Kxg7 14. Bf1 Rd8
15. Re4 h6 16. a4 a5 17. b3 Ndc5 18. Rh4 Rh8 19. Qe3 b6 20. Ne2 Ba6 21. Ned4
Bxf1 22. Rxf1 Rad8 23. Re1 h5 24. h3 Qb7 25. Ng5 Nxg5 26. Qxg5 Rxd4 27. Rxd4
Ne6 28. Qd2 Nxd4 29. Qxd4 c5 30. Qd3 1/2-1/2

[Event "XII Open Vallee d'Aoste A"]
[Site "Saint Vincent - Chatillon ITA"]
[Date "2004.02.10"]
[Round "4"]
[White "Efimov, Igor"]
[Black "Klinova, Masha"]
[Result "1-0"]
[WhiteElo "2505"]
[BlackElo "2366"]
[PlyCount "37"]
[EventDate "2004.02.08"]

1. d4 d6 2. Nf3 g6 3. g3 Nf6 4. Bg2 Bg7 5. O-O O-O 6. c4 c6 7. Nc3 Qa5 8. e4
Qh5 9. e5 dxe5 10. Nxe5 Ng4 11. Nf3 Rd8 12. Re1 Na6 13. h3 Nf6 14. Re5 Bf5 15.
Ne2 Nd7 16. g4 Nxe5 17. gxh5 Nxf3+ 18. Bxf3 Bxh3 19. Qb3 1-0

[Event "XII Open Vallee d'Aoste A"]
[Site "Saint Vincent - Chatillon ITA"]
[Date "2004.02.10"]
[Round "4"]
[White "Frilli, Guido"]
[Black "Lanzani, Mario"]
[Result "0-1"]
[WhiteElo "2142"]
[BlackElo "2352"]
[PlyCount "74"]
[EventDate "2004.02.08"]

1. e4 c5 2. Nf3 Nc6 3. Bb5 Nf6 4. Qe2 e5 5. O-O d6 6. d3 Be7 7. Nbd2 O-O 8. c3
Bd7 9. Rd1 Re8 10. Nf1 Bf8 11. Bg5 h6 12. Bh4 a6 13. Ba4 b5 14. Bc2 g5 15. Bg3
d5 16. Ne3 d4 17. Nd5 Bg7 18. Bb3 Be6 19. Nxf6+ Qxf6 20. cxd4 Bxb3 21. axb3
cxd4 22. Rdc1 Qe6 23. Qd1 f6 24. Nd2 Bf8 25. f3 Bb4 26. Nf1 Na5 27. Rc2 Rec8
28. Rac1 Rxc2 29. Rxc2 Rc8 30. Rxc8+ Qxc8 31. Bf2 Qe6 32. Qc2 Nxb3 33. Ng3 Nc5
34. Nf5 Qb3 35. Nxh6+ Kh7 36. Qxb3 Nxb3 37. Nf7 Be7 0-1